00725nam a2200217Ia 450000500170000000800410001702000150005804100080007308200200008110000260010124500650012725000220019230000250021465000440023965000430028326400580032633600270038433700330041133800280044404000350047220220316235457.0121119s1998 ck gr 000 0 spa  a95896201590 aspa04a923.39861bM64E1 aMolina, Luis Fernando10aEmpresarios colombianos del siglo XIX cLuis Fernando Molina aPrimera edición a187 páginasc23 cm14aEmpresarios ySiglo XIXzColombia2LEMB14aEconomía xHistoria zColombia2LEMB aBogotábBanco de la República bEl Áncorac1998 atextobtxt2rdacontent asin mediaciónbn2rdamedia avolumenbnc2rdacarrier aCO-BoRNBPbspaerdacCO-BoRNBP